| 000 | 00714nac a22002051u 4500 | ||
|---|---|---|---|
| 010 | _a82018007 | ||
| 020 | _a0070212333 | ||
| 082 | 0 | 0 |
_a621.3192 _bE2412 |
| 090 |
_c871 _d871 |
||
| 100 | _aEdminister, Joseph. | ||
| 245 | 1 | 0 |
_aSchaum's outline of theory and problems of electric circuits / _cby Joseph A. Edminister. |
| 250 | _a2nd ed. | ||
| 260 |
_aNew York : _bMcGraw-Hill,1983 _cc1983. |
||
| 300 |
_a298 p. : _bill. ; _c28 cm. |
||
| 490 | 0 | _aSchaum's outline series | |
| 500 | _aIncludes index. | ||
| 650 | 0 | _aElectric circuits. | |
| 942 |
_cBB _k621.3192E2412 |
||
| 999 |
_c871 _d871 |
||